ბათუმის შოთა რუსთაველის სახელმწიფო უნივერსიტეტის ბიბლიოთეკა

შორეულ გზებზე:ქართველ მოგზაურთა ჩანაწერები:წიგნი მეორე (ბიბ.ჩანაწერი № 50608)

000 -LEADER
fixed length control field 00624nam a2200181Ia 4500
001 - CONTROL NUMBER
control field 17558
003 - CONTROL NUMBER IDENTIFIER
control field GE_BSU
008 - FIXED-LENGTH DATA ELEMENTS--GENERAL INFORMATION
fixed length control field 181216s||||||||xx |||||||||||||| ||und||
040 ## - CATALOGING SOURCE
Transcribing agency GE_BSU
245 ## - TITLE STATEMENT
Title შორეულ გზებზე:ქართველ მოგზაურთა ჩანაწერები:წიგნი მეორე
245 ## - TITLE STATEMENT
Statement of responsibility, etc. რედ.:რ. ორჯონიკიძე;მხატვ.:ზ.კაპანაძე
260 ## - PUBLICATION, DISTRIBUTION, ETC.
Place of publication, distribution, etc. თბილისი
260 ## - PUBLICATION, DISTRIBUTION, ETC.
Name of publisher, distributor, etc. ნაკადული
260 ## - PUBLICATION, DISTRIBUTION, ETC.
Date of publication, distribution, etc. 1961
300 ## - PHYSICAL DESCRIPTION
Extent 312გვ.;22სმ.
300 ## - PHYSICAL DESCRIPTION
Accompanying material ილ.
942 ## - ADDED ENTRY ELEMENTS (KOHA)
Koha item type წიგნი
ეგზემპლარები
Withdrawn status Lost status Damaged status Not for loan Date acquired Barcode Date last seen Price effective from Koha item type Public note
        2018-12-17 22345 2018-12-17 2018-12-17 წიგნი აგრარული ტექ.ფაკ.
        2018-12-17 22346 2018-12-17 2018-12-17 წიგნი აგრარული ტექ.ფაკ.
        2018-12-17 22347 2018-12-17 2018-12-17 წიგნი აგრარული ტექ.ფაკ.